[Event "GBR-ch"]
[Site "Aberystwyth, Wales"]
[Date "2014.07.29"]
[Round "10.23"]
[White "Taylor, Adam A"]
[Black "Horton, Justin"]
[Result "1-0"]
[WhiteElo "2021"]
[BlackElo "2104"]
[PlyCount "129"]
[EventDate "2014.07.19"]
[EventType "swiss"]
[EventRounds "11"]
[EventCountry "GBR"]
[Source "John Saunders"]
[SourceDate "2015.07.24"]

1. Nf3 d5 2. c4 e6 3. g3 dxc4 4. Bg2 Nd7 5. O-O Ngf6 6. Re1 Bc5 7. Na3 Ne4 8.
e3 Bxa3 9. bxa3 Ndc5 10. Qc2 Qd3 11. Qb2 O-O 12. Nd4 c3 13. dxc3 Bd7 14. Bf1
Qxc3 15. Qxc3 Nxc3 16. Nb3 N5a4 17. Bg2 Rab8 18. Bd2 Nd5 19. e4 Ndb6 20. Bf4
Rbc8 21. Rac1 Nb2 22. Bf1 Bc6 23. Na5 Rfd8 24. Nxc6 bxc6 25. Re3 f6 26. Rb3 e5
27. Be3 Nd1 28. Bxb6 cxb6 29. Be2 Nxf2 30. Kxf2 Rd2 31. Ke3 Rd4 32. Bb5 c5 33.
a4 Rcd8 34. a5 Kf8 35. axb6 axb6 36. Be2 R8d6 37. Rcb1 Ra4 38. R1b2 Rdd4 39.
Bf3 c4 40. Rxb6 Ra3+ 41. Kf2 Ke7 42. Rc6 c3 43. Rc2 Rd2+ 44. Rxd2 cxd2 45. Bd1
Rxa2 46. Rc7+ Kd6 47. Rxg7 Kc5 48. Rd7 Kc4 49. Ke3 h5 50. Be2+ Kc5 51. Rd5+ Kc6
52. Rxd2 Ra3+ 53. Rd3 Ra1 54. Bxh5 Re1+ 55. Kf3 f5 56. Rc3+ Kd6 57. exf5 e4+
58. Kf4 Kd5 59. Re3 Rf1+ 60. Kg5 Ke5 61. Bg4 Rf2 62. h4 Kd4 63. Re2 e3 64. Rxf2
exf2 65. Bh3 1-0

[Event "GBR-ch"]
[Site "Aberystwyth, Wales"]
[Date "2014.07.29"]
[Round "10.24"]
[White "Kalaiyalahan, Akshaya"]
[Black "Wager, John D"]
[Result "0-1"]
[WhiteElo "2016"]
[BlackElo "2099"]
[PlyCount "74"]
[EventDate "2014.07.19"]
[EventType "swiss"]
[EventRounds "11"]
[EventCountry "GBR"]
[Source "John Saunders"]
[SourceDate "2015.07.24"]

1. d4 d5 2. Nf3 Nf6 3. c4 c6 4. e3 g6 5. Bd3 Bg7 6. O-O O-O 7. Nbd2 Bf5 8. Qc2
Bxd3 9. Qxd3 Nbd7 10. b3 Re8 11. Bb2 e6 12. Rac1 Qa5 13. Bc3 Qa6 14. Qb1 b5 15.
cxb5 Qxb5 16. Bb2 Bf8 17. Ne1 a5 18. Qc2 Rec8 19. Nb1 Ne4 20. Qd3 a4 21. f3 Nd6
22. Ba3 axb3 23. axb3 c5 24. dxc5 Nxc5 25. Bxc5 Rxc5 26. Qxb5 Rxb5 27. Nd2 Nf5
28. Nc2 Ra2 29. e4 Bc5+ 30. Kh1 Ne3 31. Nxe3 Bxe3 32. Rc8+ Kg7 33. Nb1 Rxb3 34.
exd5 Ra1 35. Nd2 Rxf1+ 36. Nxf1 Rb1 37. g3 Rxf1+ 0-1

[Event "GBR-ch"]
[Site "Aberystwyth, Wales"]
[Date "2014.07.29"]
[Round "10.25"]
[White "Davis, Lee"]
[Black "Simons, Martin J"]
[Result "0-1"]
[WhiteElo "1978"]
[BlackElo "2087"]
[PlyCount "66"]
[EventDate "2014.07.19"]
[EventType "swiss"]
[EventRounds "11"]
[EventCountry "GBR"]
[Source "John Saunders"]
[SourceDate "2015.07.24"]

1. Nf3 Nf6 2. d4 c5 3. c4 cxd4 4. Nxd4 e5 5. Nb5 d5 6. cxd5 Bc5 7. e3 O-O 8.
N5c3 e4 9. Be2 Qe7 10. b3 Rd8 11. Qc2 Bf5 12. Bb2 Na6 13. a3 Rac8 14. b4 Bd6
15. Qb3 Nc7 16. Nb5 Nxb5 17. Bxb5 Nxd5 18. Nc3 Nxc3 19. Bxc3 Rxc3 20. Qxc3 Be5
21. Qc1 Rc8 22. Qd1 Bc3+ 23. Kf1 Qe5 24. Rc1 Qxb5+ 25. Qe2 Bd7 26. f3 exf3 27.
gxf3 Qh5 28. Kf2 Qh4+ 29. Kg1 Rc6 30. Rxc3 Rg6+ 31. Kf1 Bh3+ 32. Qg2 Bxg2+ 33.
Ke2 Bxf3+ 0-1

[Event "GBR-ch"]
[Site "Aberystwyth, Wales"]
[Date "2014.07.29"]
[Round "10.26"]
[White "Fathallah, Joe"]
[Black "Hughes, Roy"]
[Result "1/2-1/2"]
[WhiteElo "1953"]
[BlackElo "2059"]
[PlyCount "81"]
[EventDate "2014.07.19"]
[EventType "swiss"]
[EventRounds "11"]
[EventCountry "GBR"]
[Source "John Saunders"]
[SourceDate "2015.07.24"]

1. d4 d5 2. c4 c6 3. Nc3 Nf6 4. Nf3 dxc4 5. a4 Bf5 6. e3 e6 7. Bxc4 Nbd7 8. O-O
Be7 9. Qe2 Qc7 10. e4 Bg4 11. e5 Nd5 12. Be3 Qa5 13. Ne4 Qb4 14. Bxd5 cxd5 15.
Ng3 O-O 16. Rfc1 Rfc8 17. h3 Bxf3 18. gxf3 Rc6 19. Rxc6 bxc6 20. f4 c5 21. Qb5
cxd4 22. Qxb4 Bxb4 23. Bxd4 Bc5 24. Ne2 Bxd4 25. Nxd4 g5 26. f5 Re8 27. Rc1
Nxe5 28. fxe6 fxe6 29. Rc7 Nc4 30. b3 Nd2 31. Rxa7 e5 32. Nf5 Nxb3 33. Ne7+ Kf7
34. Nxd5+ Kg6 35. a5 Rd8 36. Ne3 h5 37. Ra6+ Kf7 38. Nc4 Rd5 39. Ra7+ Ke6 40.
Ra6+ Kf7 41. Ra7+ 1/2-1/2

[Event "GBR-ch"]
[Site "Aberystwyth, Wales"]
[Date "2014.07.29"]
[Round "10.27"]
[White "Lenier, Jude A"]
[Black "Fraser, John"]
[Result "1/2-1/2"]
[WhiteElo "2099"]
[BlackElo "1854"]
[PlyCount "49"]
[EventDate "2014.07.19"]
[EventType "swiss"]
[EventRounds "11"]
[EventCountry "GBR"]
[Source "John Saunders"]
[SourceDate "2015.07.24"]

1. e4 c5 2. Nf3 d6 3. d4 cxd4 4. Nxd4 Nf6 5. Nc3 g6 6. Be3 Bg7 7. f3 O-O 8. Qd2
Nc6 9. g4 Be6 10. Nxe6 fxe6 11. O-O-O Ne5 12. Be2 Rc8 13. h4 Qa5 14. h5 Nc4 15.
Bxc4 Rxc4 16. hxg6 hxg6 17. Bh6 Rfc8 18. Bxg7 Kxg7 19. Qh6+ Kf7 20. Rd3 Rxc3
21. Rxc3 Rxc3 22. bxc3 Qxc3 23. g5 Qe3+ 24. Kb2 Qb6+ 25. Ka1 1/2-1/2

[Event "GBR-ch"]
[Site "Aberystwyth, Wales"]
[Date "2014.07.29"]
[Round "10.28"]
[White "Clancy, Martin J"]
[Black "Slade, Theodore"]
[Result "0-1"]
[WhiteElo "2009"]
[BlackElo "1818"]
[PlyCount "60"]
[EventDate "2014.07.19"]
[EventType "swiss"]
[EventRounds "11"]
[EventCountry "GBR"]
[Source "John Saunders"]
[SourceDate "2015.07.24"]

1. e4 e6 2. d4 d5 3. Nd2 Nf6 4. e5 Nfd7 5. Bd3 c5 6. c3 Nc6 7. Ne2 cxd4 8. cxd4
f6 9. Nf4 Nxd4 10. Qh5+ Ke7 11. exf6+ Nxf6 12. Ng6+ hxg6 13. Qxh8 Kf7 14. O-O
e5 15. Nb3 Nxb3 16. axb3 Qb6 17. Bxg6+ Kxg6 18. Qxf8 Kh7 19. Bg5 Ne4 20. Be7
Qg6 21. g3 Nd2 22. Rfd1 Qe4 23. Rxd2 Bh3 24. f3 Qe3+ 25. Rf2 Rxf8 26. Bxf8 e4
27. fxe4 dxe4 28. Bb4 Qb6 29. Ra4 Bd7 30. Ba5 Qc5 0-1

[Event "GBR-ch"]
[Site "Aberystwyth, Wales"]
[Date "2014.07.30"]
[Round "11.1"]
[White "Pert, Richard G"]
[Black "Hawkins, Jonathan"]
[Result "1/2-1/2"]
[WhiteElo "2430"]
[BlackElo "2516"]
[PlyCount "53"]
[EventDate "2014.07.19"]
[EventType "swiss"]
[EventRounds "11"]
[EventCountry "GBR"]
[Source "John Saunders"]
[SourceDate "2015.07.24"]

1. d4 d5 2. c4 e6 3. Nc3 c6 4. e4 dxe4 5. Nxe4 Bb4+ 6. Bd2 Qxd4 7. Bxb4 Qxe4+
8. Be2 Na6 9. Ba5 b6 10. Qd6 Bd7 11. Bc3 f6 12. Nf3 Nh6 13. Rd1 Rd8 14. Qa3 Bc8
15. Rxd8+ Kxd8 16. Qd6+ Bd7 17. Qd1 Ke7 18. O-O c5 19. Bd3 Qg4 20. h3 Qh5 21.
Be4 Rd8 22. Qb3 Nf5 23. Qa3 Bc8 24. Qa4 Nd6 25. Bc6 Kf8 26. Rd1 Qf7 27. a3
1/2-1/2

[Event "GBR-ch"]
[Site "Aberystwyth, Wales"]
[Date "2014.07.30"]
[Round "11.2"]
[White "Howell, David W L"]
[Black "Hebden, Mark L"]
[Result "1-0"]
[WhiteElo "2650"]
[BlackElo "2554"]
[PlyCount "119"]
[EventDate "2014.07.19"]
[EventType "swiss"]
[EventRounds "11"]
[EventCountry "GBR"]
[Source "John Saunders"]
[SourceDate "2015.07.24"]

1. e4 e5 2. Nf3 Nc6 3. Bc4 Be7 4. d4 d6 5. dxe5 dxe5 6. Nbd2 Nf6 7. c3 O-O 8.
Qe2 Nd7 9. O-O a5 10. Rd1 Nb6 11. Bb3 Bd6 12. a4 Qf6 13. Nc4 Nxc4 14. Bxc4 Qg6
15. Nh4 Qg4 16. Nf3 Kh8 17. h3 Qh5 18. Be3 f5 19. exf5 Bxf5 20. Nd4 Qxe2 21.
Nxe2 e4 22. Bd5 Ne7 23. Bb3 Bg6 24. Nd4 Nf5 25. Nxf5 Rxf5 26. Bd5 Rff8 27. Rd2
Rab8 28. Re1 h6 29. Rde2 Rfd8 30. Bb3 b5 31. axb5 Rxb5 32. Ba4 Re5 33. Bd4 Re6
34. Bb3 Re7 35. Ra1 Be5 36. Be3 Red7 37. g3 Ra8 38. Bc2 Bf6 39. Ra4 Re7 40. Bc1
Kg8 41. Bxe4 Rxe4 42. Rexe4 Bxe4 43. Rxe4 a4 44. Kf1 Kf7 45. Ke2 a3 46. bxa3
Bxc3 47. Kd3 Bf6 48. a4 c5 49. Be3 Be7 50. g4 Bd6 51. Bd2 Bc7 52. Be3 Bd6 53.
h4 Bf8 54. h5 Bd6 55. Bd2 Bc7 56. Be3 Bd6 57. f4 Kf6 58. Bd2 Bc7 59. Bc3+ Kf7
60. g5 1-0

[Event "GBR-ch"]
[Site "Aberystwyth, Wales"]
[Date "2014.07.30"]
[Round "11.3"]
[White "Pert, Nicholas"]
[Black "Arkell, Keith C"]
[Result "1/2-1/2"]
[WhiteElo "2564"]
[BlackElo "2433"]
[PlyCount "70"]
[EventDate "2014.07.19"]
[EventType "swiss"]
[EventRounds "11"]
[EventCountry "GBR"]
[Source "John Saunders"]
[SourceDate "2015.07.24"]

1. d4 d5 2. c4 c6 3. Nf3 Nf6 4. Nc3 g6 5. cxd5 cxd5 6. Bf4 Nc6 7. h3 Bg7 8. e3
O-O 9. Be2 b6 10. O-O Bb7 11. Ne5 Nxe5 12. Bxe5 Qd7 13. Rc1 Rfc8 14. Qb3 e6 15.
Rc2 Ne4 16. Bxg7 Kxg7 17. Bb5 Qd6 18. Nxe4 dxe4 19. Rfc1 Rxc2 20. Rxc2 Rc8 21.
Rxc8 Bxc8 22. Qc3 Bd7 23. d5+ Kg8 24. Bxd7 Qxd7 25. dxe6 Qxe6 26. a3 h5 27. Qc7
a5 28. b4 axb4 29. axb4 Kg7 30. b5 h4 31. Qd8 Qf6 32. Qc7 Qa1+ 33. Kh2 Qf6 34.
Kg1 Qa1+ 35. Kh2 Qf6 1/2-1/2

[Event "GBR-ch"]
[Site "Aberystwyth, Wales"]
[Date "2014.07.30"]
[Round "11.4"]
[White "Williams, Simon K"]
[Black "Haria, Ravi"]
[Result "0-1"]
[WhiteElo "2462"]
[BlackElo "2202"]
[PlyCount "160"]
[EventDate "2014.07.19"]
[EventType "swiss"]
[EventRounds "11"]
[EventCountry "GBR"]
[Source "John Saunders"]
[SourceDate "2015.07.24"]

1. c4 e6 2. Nc3 b6 3. e4 Bb7 4. Nf3 Bb4 5. Bd3 Bxc3 6. dxc3 d6 7. Bg5 Nf6 8.
Qe2 h6 9. Bh4 e5 10. O-O-O Qe7 11. Nd2 Nbd7 12. f3 Nc5 13. Bc2 O-O-O 14. Nf1 g5
15. Bf2 Ne6 16. Ne3 Nf4 17. Qf1 g4 18. Bh4 Ng6 19. Nd5 Bxd5 20. Bxf6 Qxf6 21.
cxd5 gxf3 22. g3 Ne7 23. Qa6+ Kb8 24. Ba4 Qg5+ 25. Rd2 Qg4 26. Re1 Qc8 27.
Qxc8+ Kxc8 28. Rf2 f5 29. Rxf3 Rdf8 30. Ref1 Rf6 31. c4 Rhf8 32. b4 Kd8 33. Kd2
f4 34. Bc6 Nxc6 35. dxc6 Ke7 36. Ra3 fxg3 37. Rxf6 Kxf6 38. Rxg3 Ra8 39. h4 a5
40. b5 Re8 41. Rf3+ Ke7 42. Rg3 Kf7 43. c5 dxc5 44. Rd3 Re7 45. Kc3 Re8 46. Kc4
Re6 47. h5 Re8 48. Rd2 Re6 49. Rd1 Re8 50. Rf1+ Ke6 51. Rg1 Rf8 52. Rg6+ Rf6
53. Rg8 Rf4 54. Kd3 c4+ 55. Ke3 c3 56. Rh8 Rxe4+ 57. Kd3 Rh4 58. Kxc3 Rxh5 59.
Rh7 Rh3+ 60. Kc4 Rh4+ 61. Kc3 Rb4 62. a4 Rxa4 63. Rxc7 Rb4 64. Rh7 Rxb5 65.
Rxh6+ Kd5 66. c7 Rc5+ 67. Kd3 b5 68. Rb6 Rxc7 69. Rxb5+ Rc5 70. Rb8 e4+ 71. Ke3
Rc3+ 72. Kd2 Rd3+ 73. Ke2 a4 74. Ra8 a3 75. Ra5+ Kd4 76. Ra4+ Ke5 77. Ra8 Rb3
78. Ra7 Kd4 79. Ra4+ Kc3 80. Rxe4 a2 0-1

[Event "GBR-ch"]
[Site "Aberystwyth, Wales"]
[Date "2014.07.30"]
[Round "11.5"]
[White "Emms, John M"]
[Black "Tan, Justin"]
[Result "1-0"]
[WhiteElo "2456"]
[BlackElo "2375"]
[PlyCount "75"]
[EventDate "2014.07.19"]
[EventType "swiss"]
[EventRounds "11"]
[EventCountry "GBR"]
[Source "John Saunders"]
[SourceDate "2015.07.24"]

1. e4 e5 2. Nf3 Nc6 3. Bb5 a6 4. Ba4 Nf6 5. O-O Be7 6. d3 b5 7. Bb3 d6 8. a4 b4
9. a5 O-O 10. Nbd2 Rb8 11. c3 Bg4 12. h3 Bh5 13. Bc4 Qc8 14. Re1 Rd8 15. Nf1
bxc3 16. bxc3 d5 17. exd5 Nxd5 18. Bd2 f6 19. Ne3 Bf7 20. Qa4 Na7 21. d4 c6 22.
dxe5 fxe5 23. Nxe5 Be6 24. Nxd5 cxd5 25. Bd3 Rf8 26. Qc2 Bf5 27. Bxf5 Rxf5 28.
Qd3 Rb5 29. Rab1 Rxb1 30. Qxd5+ Kh8 31. Rxb1 Qf8 32. f4 Nb5 33. c4 Nd4 34. Qe4
Bc5 35. Kh2 g6 36. Nd7 Qd6 37. Nxc5 Rxc5 38. Bb4 1-0

[Event "GBR-ch"]
[Site "Aberystwyth, Wales"]
[Date "2014.07.30"]
[Round "11.6"]
[White "Ward, Chris G"]
[Black "Fernandez, Daniel Howard"]
[Result "1/2-1/2"]
[WhiteElo "2422"]
[BlackElo "2396"]
[PlyCount "113"]
[EventDate "2014.07.19"]
[EventType "swiss"]
[EventRounds "11"]
[EventCountry "GBR"]
[Source "John Saunders"]
[SourceDate "2015.07.24"]

1. d4 Nf6 2. c4 e6 3. Nc3 d5 4. cxd5 exd5 5. Bg5 c6 6. e3 h6 7. Bh4 Be7 8. Bd3
O-O 9. Qc2 Nh5 10. Bxe7 Qxe7 11. O-O-O Nf6 12. Kb1 b5 13. Rc1 Na6 14. Nge2 Nb4
15. Qd2 Ne4 16. Bxe4 dxe4 17. f3 exf3 18. gxf3 Be6 19. Rhg1 Bc4 20. Nf4 Rfe8
21. e4 Qd6 22. b3 Bd3+ 23. Nxd3 Qxd4 24. Rgd1 Rad8 25. Nxb5 Qxd3+ 26. Qxd3 Nxd3
27. Rxc6 Ne5 28. Rcd6 Rb8 29. Nd4 Rec8 30. f4 Nc4 31. Rc6 Ne3 32. Rxc8+ Rxc8
33. Rd3 Ng2 34. Nf5 Nxf4 35. Rg3 Kf8 36. Rxg7 Re8 37. Rh7 Kg8 38. Rg7+ Kf8 39.
Kc2 Rxe4 40. Rxf7+ Kxf7 41. Nd6+ Ke6 42. Nxe4 Kf5 43. Ng3+ Kg4 44. Kc3 Kh3 45.
Nf5 h5 46. Ng7 Kxh2 47. Nxh5 Nxh5 48. Kc4 Kg3 49. Kb5 Nf4 50. a4 Ne6 51. b4 Kf4
52. Ka6 Ke5 53. Kxa7 Kd6 54. Kb6 Nf4 55. a5 Nd5+ 56. Kb5 Nxb4 57. Kxb4 1/2-1/2

[Event "GBR-ch"]
[Site "Aberystwyth, Wales"]
[Date "2014.07.30"]
[Round "11.7"]
[White "Fernandez, Michael"]
[Black "Zhou, Yang-Fan"]
[Result "1/2-1/2"]
[WhiteElo "2029"]
[BlackElo "2475"]
[PlyCount "114"]
[EventDate "2014.07.19"]
[EventType "swiss"]
[EventRounds "11"]
[EventCountry "GBR"]
[Source "John Saunders"]
[SourceDate "2015.07.24"]

1. e4 c5 2. Nf3 e6 3. b3 a6 4. Bb2 Nc6 5. d4 cxd4 6. Nxd4 Qf6 7. Bc3 Qg6 8. Qf3
Ne5 9. Qe2 Nf6 10. f4 Nc6 11. Nxc6 dxc6 12. Nd2 Bc5 13. g3 O-O 14. Bg2 Ng4 15.
Bf3 h5 16. Bxg4 Qxg4 17. Qxg4 hxg4 18. e5 f5 19. O-O-O b5 20. b4 Be7 21. Nb3 c5
22. Nxc5 Bxc5 23. bxc5 Bb7 24. Rhf1 Bd5 25. a3 Rfd8 26. Ba5 Rdc8 27. Bb6 Kf7
28. Kb2 Ke7 29. Rd4 Kd7 30. a4 Rh8 31. Rf2 Kc6 32. a5 Rh5 33. Kc3 g5 34. fxg5
Rxg5 35. Rdd2 Rh5 36. Kb2 Rf8 37. Rf4 Rfh8 38. Rff2 R8h7 39. Kc3 Rh3 40. Kb4
Rf7 41. Rf4 Rfh7 42. Rff2 Rh8 43. Kc3 Rc8 44. Kd4 Rh7 45. c3 Rh5 46. Ke3 Kd7
47. Kf4 Ke7 48. Rfe2 Rc6 49. Rf2 Rh8 50. Rfe2 Rf8 51. Rf2 Kf7 52. Rd4 Rh8 53.
Rfd2 Rh5 54. Rf2 Kg6 55. Rfd2 Kf7 56. Rf2 Rc8 57. Rdd2 Rc6 1/2-1/2

[Event "GBR-ch"]
[Site "Aberystwyth, Wales"]
[Date "2014.07.30"]
[Round "11.8"]
[White "Jackson, James P"]
[Black "Harvey, Marcus R"]
[Result "1/2-1/2"]
[WhiteElo "2320"]
[BlackElo "2287"]
[PlyCount "127"]
[EventDate "2014.07.19"]
[EventType "swiss"]
[EventRounds "11"]
[EventCountry "GBR"]
[Source "John Saunders"]
[SourceDate "2015.07.24"]

1. e4 e6 2. d4 d5 3. Nc3 Nf6 4. Bg5 dxe4 5. Nxe4 Be7 6. Bxf6 gxf6 7. Nf3 f5 8.
Nc3 a6 9. Qd2 b5 10. O-O-O b4 11. Ne2 Bb7 12. Kb1 Qd6 13. Ne5 c5 14. Nc4 Qc7
15. dxc5 Qxc5 16. Nd4 O-O 17. Qf4 Be4 18. Nb3 Qa7 19. Bd3 Nd7 20. Bxe4 fxe4 21.
Qxe4 Nf6 22. Qf4 Nd5 23. Qg3+ Kh8 24. Ne5 Bf6 25. Rhe1 a5 26. Qf3 Bg7 27. Nd4
a4 28. a3 Qc7 29. Qe2 Rfb8 30. f4 bxa3 31. Nb5 Rxb5 32. Qxb5 Rb8 33. Rxd5 Rxb5
34. Rxb5 axb2 35. Kxb2 Bxe5+ 36. Rexe5 Qc4 37. g3 Qd4+ 38. Ka2 Qf2 39. Rbc5 Kg7
40. Rc3 Qxh2 41. Re4 Qd2 42. Kb2 Qd7 43. Rb4 h5 44. Ra3 Kg6 45. Raxa4 f6 46.
Ra3 Qd2 47. Re4 Qd6 48. Rae3 Qb6+ 49. Kc1 e5 50. Re1 exf4 51. Rxf4 Qc5 52. Rf3
Qg5+ 53. Ree3 h4 54. gxh4 Qxh4 55. Kd2 Qd4+ 56. Rd3 Qb4+ 57. Kc1 Qa5 58. Kd1 f5
59. Rf4 Kg5 60. Rdf3 Qa1+ 61. Kd2 Qa5+ 62. Kd1 Qa1+ 63. Kd2 Qa5+ 64. Kd1
1/2-1/2

[Event "GBR-ch"]
[Site "Aberystwyth, Wales"]
[Date "2014.07.30"]
[Round "11.9"]
[White "Batchelor, Peter J"]
[Black "Storey, Charles H"]
[Result "0-1"]
[WhiteElo "2177"]
[BlackElo "2241"]
[PlyCount "72"]
[EventDate "2014.07.19"]
[EventType "swiss"]
[EventRounds "11"]
[EventCountry "GBR"]
[Source "John Saunders"]
[SourceDate "2015.07.24"]

1. Nf3 g6 2. d4 Bg7 3. g3 c5 4. dxc5 Qa5+ 5. c3 Qxc5 6. Na3 b6 7. Bg2 Bb7 8.
O-O Nf6 9. Nc2 d6 10. a4 Nbd7 11. Be3 Qc7 12. a5 bxa5 13. Ncd4 Nd5 14. Nb5 Qc4
15. Bd4 Qxb5 16. Bxg7 Rg8 17. Bd4 e5 18. e4 N5f6 19. Be3 Nxe4 20. Ra3 d5 21.
Qa1 a6 22. Rxa5 Qc4 23. Rd1 g5 24. Nd2 Qc7 25. Nxe4 dxe4 26. Qa4 O-O-O 27. Ra1
f5 28. Bf1 Rg6 29. Bxa6 Rxa6 30. Rxa6 f4 31. Ba7 e3 32. Qa5 Qc4 33. Bb6 Nxb6
34. Qxb6 exf2+ 35. Qxf2 Qxa6 36. Rxa6 Rd1+ 0-1

[Event "GBR-ch"]
[Site "Aberystwyth, Wales"]
[Date "2014.07.30"]
[Round "11.10"]
[White "Hackner, Oskar A"]
[Black "Lewis, Andrew P"]
[Result "0-1"]
[WhiteElo "2108"]
[BlackElo "2286"]
[PlyCount "116"]
[EventDate "2014.07.19"]
[EventType "swiss"]
[EventRounds "11"]
[EventCountry "GBR"]
[Source "John Saunders"]
[SourceDate "2015.07.24"]

1. d4 Nf6 2. c4 g6 3. Nc3 Bg7 4. e4 d6 5. Bd3 O-O 6. Nge2 c5 7. d5 e6 8. O-O
Ng4 9. Nf4 e5 10. Nfe2 f5 11. h3 Nh6 12. f4 Na6 13. a3 Nc7 14. Rb1 exf4 15.
exf5 g5 16. g4 Nf7 17. Ne4 Ne8 18. b4 b6 19. Kg2 Nf6 20. Nxf6+ Bxf6 21. Ng1 Re8
22. Nf3 Bd7 23. Re1 Rxe1 24. Qxe1 cxb4 25. Qxb4 Ne5 26. Nxe5 Bxe5 27. Bb2 Bxb2
28. Qxb2 Kf7 29. Kf3 Qf6 30. Qxf6+ Kxf6 31. h4 h6 32. hxg5+ Kxg5 33. Rh1 Be8
34. Re1 h5 35. gxh5 Bxh5+ 36. Kf2 Re8 37. Rg1+ Kf6 38. Rh1 Re3 39. Rxh5 Rxd3
40. Rh6+ Kxf5 41. Rxd6 Rxa3 42. Re6 Rc3 43. Re7 Rxc4 44. Rxa7 Ke5 45. Rb7 Rb4
46. Rd7 Rb5 47. d6 Rd5 48. Kf3 Rd3+ 49. Kg4 Rxd6 50. Re7+ Kd4 51. Kxf4 Rf6+ 52.
Kg5 Rf8 53. Rb7 Kc5 54. Rc7+ Kb4 55. Rc1 b5 56. Rb1+ Kc4 57. Rc1+ Kd3 58. Rb1
Rb8 0-1

[Event "GBR-ch"]
[Site "Aberystwyth, Wales"]
[Date "2014.07.30"]
[Round "11.11"]
[White "Kett, Tim"]
[Black "McPhillips, Joseph"]
[Result "1-0"]
[WhiteElo "2270"]
[BlackElo "2200"]
[PlyCount "61"]
[EventDate "2014.07.19"]
[EventType "swiss"]
[EventRounds "11"]
[EventCountry "GBR"]
[Source "John Saunders"]
[SourceDate "2015.07.24"]

1. e4 e6 2. d4 d5 3. Nc3 Nf6 4. Bg5 Bb4 5. e5 h6 6. Bd2 Bxc3 7. bxc3 Ne4 8. Qg4
g6 9. Bd3 Nxd2 10. Kxd2 c5 11. Nf3 Bd7 12. Rhb1 Bc6 13. dxc5 Qe7 14. Rb4 Nd7
15. Rab1 Qxc5 16. Bxg6 Qxf2+ 17. Kc1 fxg6 18. Qxe6+ Kd8 19. Rxb7 Qe3+ 20. Kd1
Qxc3 21. R1b3 Qc5 22. Rxd7+ Bxd7 23. Qf6+ Kc7 24. e6 Qd6 25. Qc3+ Bc6 26. Qg7+
Bd7 27. exd7 Rhd8 28. Qc3+ Qc6 29. Qe5+ Kxd7 30. Qg7+ Kd6 31. Qf6+ 1-0

[Event "GBR-ch"]
[Site "Aberystwyth, Wales"]
[Date "2014.07.30"]
[Round "11.12"]
[White "Mason, Donald J"]
[Black "Brown, Martin"]
[Result "0-1"]
[WhiteElo "2167"]
[BlackElo "2194"]
[PlyCount "80"]
[EventDate "2014.07.19"]
[EventType "swiss"]
[EventRounds "11"]
[EventCountry "GBR"]
[Source "John Saunders"]
[SourceDate "2015.07.24"]

1. d4 Nf6 2. c4 g6 3. Nc3 d5 4. cxd5 Nxd5 5. e4 Nxc3 6. bxc3 Bg7 7. Bc4 c5 8.
Ne2 O-O 9. O-O Nc6 10. Be3 b6 11. Qd2 Bb7 12. Rfd1 Qc7 13. Rac1 Rad8 14. Qe1 e5
15. Bd5 Na5 16. dxe5 Bxd5 17. exd5 Bxe5 18. f4 Nc4 19. Qf2 Bd6 20. f5 Nxe3 21.
Qxe3 Rfe8 22. Qf3 Bxh2+ 23. Kh1 Be5 24. Ng1 Qe7 25. Qg4 Qf6 26. c4 h5 27. Qh3
g5 28. Rf1 Kg7 29. Rce1 g4 30. Qd3 Qh4+ 31. Nh3 gxh3 32. gxh3 Bd4 33. f6+ Kh8
34. Re7 Rxe7 35. fxe7 Qxe7 36. Qf5 f6 37. d6 Qh7 38. Qf3 Rxd6 39. Re1 Rd8 40.
Re4 Qg6 0-1

[Event "GBR-ch"]
[Site "Aberystwyth, Wales"]
[Date "2014.07.30"]
[Round "11.13"]
[White "Wadsworth, Matthew J"]
[Black "Pleasants, Allan J"]
[Result "1/2-1/2"]
[WhiteElo "2221"]
[BlackElo "2061"]
[PlyCount "78"]
[EventDate "2014.07.19"]
[EventType "swiss"]
[EventRounds "11"]
[EventCountry "GBR"]
[Source "John Saunders"]
[SourceDate "2015.07.24"]

1. c4 e5 2. g3 Nf6 3. Bg2 Bc5 4. Nc3 O-O 5. e3 Re8 6. Nge2 Nc6 7. a3 a5 8. O-O
Bf8 9. d4 d6 10. h3 g6 11. d5 Ne7 12. e4 Bg7 13. Be3 Rf8 14. Qd2 Ne8 15. b4
axb4 16. axb4 Rxa1 17. Rxa1 f5 18. c5 Nf6 19. Ra8 Qd7 20. cxd6 cxd6 21. Na4
Nxe4 22. Bxe4 fxe4 23. g4 Qb5 24. Nb6 h5 25. Ng3 hxg4 26. Nxc8 Rxc8 27. Rxc8+
Nxc8 28. hxg4 Qc4 29. Bh6 Bxh6 30. Qxh6 Ne7 31. Qh4 Kf7 32. g5 Qc1+ 33. Kg2 Qf4
34. Qxf4+ exf4 35. Nxe4 Nxd5 36. Nxd6+ Ke6 37. Nxb7 Nxb4 38. Kh3 Nd3 39. Kg4
Nxf2+ 1/2-1/2

[Event "GBR-ch"]
[Site "Aberystwyth, Wales"]
[Date "2014.07.30"]
[Round "11.14"]
[White "Bullen, Alex"]
[Black "Shaw, Peter"]
[Result "1-0"]
[WhiteElo "2054"]
[BlackElo "2178"]
[PlyCount "91"]
[EventDate "2014.07.19"]
[EventType "swiss"]
[EventRounds "11"]
[EventCountry "GBR"]
[Source "John Saunders"]
[SourceDate "2015.07.24"]

1. e4 e6 2. d4 b6 3. Nf3 Bb7 4. Bd3 c5 5. O-O cxd4 6. Nxd4 Nc6 7. Be3 Nf6 8.
Nc3 Be7 9. f4 Nb4 10. a3 Nxd3 11. Qxd3 Rc8 12. Rac1 Qc7 13. Ndb5 Qb8 14. Bd4 a6
15. Be5 Bc5+ 16. Kh1 Qa8 17. Nc7+ Rxc7 18. Bxc7 Nxe4 19. Nxe4 Bxe4 20. Qd2 Qc6
21. Be5 f6 22. Bc3 b5 23. Rfe1 Bd5 24. Rcd1 Kf7 25. Qe2 Rc8 26. Rd2 Bb6 27.
Qh5+ Kg8 28. Qg4 Kf7 29. Rd3 Rg8 30. f5 g6 31. fxe6+ dxe6 32. Rf1 f5 33. Rg3
Ke8 34. Qh4 h5 35. Qh3 Kd7 36. Rd3 Kc8 37. Be5 Bc4 38. Rd6 Qe4 39. Qc3 Kb7 40.
Re1 Qh4 41. b3 Bf2 42. Red1 Bd5 43. R1xd5 exd5 44. Qc6+ Ka7 45. Qxa6+ Kb8 46.
Rd8# 1-0

[Event "GBR-ch"]
[Site "Aberystwyth, Wales"]
[Date "2014.07.30"]
[Round "11.15"]
[White "Jones, Steven A"]
[Black "Tambini, Jasper"]
[Result "1/2-1/2"]
[WhiteElo "2064"]
[BlackElo "2047"]
[PlyCount "67"]
[EventDate "2014.07.19"]
[EventType "swiss"]
[EventRounds "11"]
[EventCountry "GBR"]
[Source "John Saunders"]
[SourceDate "2015.07.24"]

1. e4 Nc6 2. Nf3 e5 3. Bb5 a6 4. Ba4 Nf6 5. O-O Be7 6. Re1 b5 7. Bb3 O-O 8. c3
d6 9. h3 Na5 10. Bc2 c5 11. d4 Qc7 12. b4 cxb4 13. cxb4 Nc6 14. Bb2 Nxb4 15.
Bb3 Nc6 16. Nc3 exd4 17. Nxd4 Nxd4 18. Qxd4 Be6 19. Nd5 Bxd5 20. exd5 Rfc8 21.
Rac1 Qb7 22. Rc6 Bf8 23. Rec1 Nd7 24. f4 Nc5 25. Rxc8 Rxc8 26. Bc2 Na4 27. Qe4
g6 28. Bxa4 Rxc1+ 29. Bxc1 bxa4 30. Kh2 Qd7 31. Qc4 Qb5 32. Qc6 Qf1 33. Qc3 Bg7
34. Qc8+ 1/2-1/2

[Event "GBR-ch"]
[Site "Aberystwyth, Wales"]
[Date "2014.07.30"]
[Round "11.16"]
[White "Zhang, Anthony Y"]
[Black "Rudd, Jack"]
[Result "1-0"]
[WhiteElo "1926"]
[BlackElo "2278"]
[PlyCount "47"]
[EventDate "2014.07.19"]
[EventType "swiss"]
[EventRounds "11"]
[EventCountry "GBR"]
[Source "John Saunders"]
[SourceDate "2015.07.24"]

1. d4 Nf6 2. Nf3 c5 3. d5 d6 4. c4 e6 5. Nc3 exd5 6. cxd5 g6 7. Bf4 a6 8. Nd2
b5 9. a4 Nh5 10. Be3 b4 11. Nce4 f5 12. g4 Nf6 13. gxf5 gxf5 14. Nxf6+ Qxf6 15.
Nc4 f4 16. Bd2 Ra7 17. Qb3 Rf7 18. Bg2 Bg7 19. Bf3 O-O 20. Rg1 Kh8 21. Be4 Re7
22. Qd3 f3 23. Bg5 Qf7 24. Nxd6 1-0